Guess the Taylor Swift Song (no hints) 95 - Statistics

General Stats
  • This quiz has been taken 75 times
  • The average score is 206 of 280
Answer Stats
Answer % Correct
I
100%
you
100%
You
100%
And
98%
the
98%
your
98%
it
96%
so
96%
is
94%
it's
94%
me
94%
you're
94%
You're
94%
I'm
92%
Like
92%
that
92%
do
90%
in
90%
no
90%
no,
90%
No,
90%
(no)
90%
not
90%
to
90%
All
88%
all
88%
be
88%
my
88%
but
85%
But
85%
if
85%
If
85%
of
85%
this
85%
This
85%
don't
83%
Don't
83%
was
81%
I've
79%
time
79%
know
77%
been
75%
can
75%
Cause
75%
did
75%
for
75%
up
75%
out
71%
tell
71%
would
71%
had
69%
last
69%
down
67%
have
67%
now
67%
didn't
65%
never
65%
sorry
60%
sorry,
60%
before
58%
come
58%
every
58%
won't
58%
got
56%
Baby
54%
baby
54%
loved
54%
life
52%
wanna
52%
around
50%
Could've
50%
let
50%
thinking
50%
again
48%
would've
48%
nothing
46%
there's
46%
believe
44%
gone
44%
left
44%
pick
44%
call
42%
Hoping
42%
we'll
42%
anymore
40%
being
40%
asking
38%
away,
38%
fine
38%
hadn't
38%
hurt
38%
long
38%
phone
38%
figured
35%
straw
35%
used
35%
waiting
35%
Looking
33%
might
33%
taking
33%
honey
31%
tired
31%
cold
29%
each
29%
secrets
29%
wasting
29%
worked
29%
beg
27%
fade
27%
giving
27%
listen
27%
watched
27%
chances
25%
share
25%
bright
23%
innocent
23%
shine
23%
crawling
21%
No matching quizzes found
Score Distribution
Percent of People with Each Score
Percentile by Number Answered
Your Score History
You have not taken this quiz